| 000 | 00461nam a22001337a 4500 | ||
|---|---|---|---|
| 999 |
_c11206 _d11206 |
||
| 008 | 160629b xxu||||| |||| 00| 0 eng d | ||
| 020 | _a7968468039 | ||
| 050 | _aB 809.3 .N32 2010 | ||
| 100 | _aNamwamba, Tom N. | ||
| 245 |
_aThink critically and creatively : _b"a thinker's companion " _cTom N. Namwamba |
||
| 260 |
_aNairobi : _bDale Publishers., _c2010. |
||
| 300 |
_aiv, 346p. ; _c20cm. |
||
| 942 |
_2lcc _cSH_L_BOOKS _hB 809.3 .N32 2010 _0138 |
||